| 000 | 00662nam a2200217 a 4500 | ||
|---|---|---|---|
| 003 | MX-MxUPN | ||
| 005 | 20241001063925.0 | ||
| 008 | 991125s1906 sp r 000 0 spa d | ||
| 035 | _aUPN01000000321 | ||
| 040 |
_aMX-MxUPN _bspa _cMX-MxUPN |
||
| 041 | 0 | _aspa | |
| 050 | 1 | 4 |
_aHX267 _bJ3.38 |
| 100 | 1 |
_aJaurés, Jean, _d1859-1914 _939283 |
|
| 245 | 1 | 0 | _aAcción socialista |
| 260 |
_aBarcelona, Esp. : _bHenrich y Cía., _c1906. |
||
| 300 | _a2 t. en 1 v. | ||
| 490 | 0 | _aBiblioteca sociológica internacional | |
| 650 | 4 |
_aSocialismo _97360 |
|
| 710 | 2 |
_aInstituto Nacional de Investigación Educativa (México) _epropietario anterior _928086 |
|
| 942 |
_2lcc _cLIBRO |
||
| 999 |
_c321 _d321 |
||